00406nam a2200157Ia 450000500170000000800410001704000190005804100120007708200150008924500430010426000280014730000110017565000290018670000230021585000100023820230216120533.0131103s9999 xx 000 0 und d aLoreto College aEnglish a820.9bWAL aProse of todaycEdited by Freda Wallis aLondonbLongmansc[19?] a283p.  aEnglish prose literature aWallis, Freda; ed. aLCLIB